[Event "POL-chT3 Kujawsko Pomorskie 1011"]
[Site "Poland"]
[Date "2011.01.23"]
[Round "5.8"]
[White "Krainski, Slawomir"]
[Black "Kotula, Konrad"]
[Result "1-0"]
[WhiteElo "2072"]
[BlackElo "1841"]
[PlyCount "61"]
[EventDate "2010.11.07"]
[EventType "team-tourn"]
[EventRounds "11"]
[EventCountry "POL"]
[SourceTitle "EXT 2019"]
[Source "ChessBase"]
[SourceDate "2018.10.10"]
[SourceVersion "1"]
[SourceVersionDate "2018.10.10"]
[SourceQuality "1"]

1. e4 c5 2. c3 Nc6 3. d4 cxd4 4. cxd4 d5 5. exd5 Qxd5 6. Nf3 e6 7. Nc3 Bb4 8. Be2 Nf6 9. 0-0 Bxc3 10. bxc3 0-0 11. c4 Qd6 12. Bb2 Rd8 13. Qb3 b6 14. Rfd1 Na5 15. Qe3 Bb7 16. Ne5 Rac8 17. Rac1 Nc6 18. Bf3 Na5 19. Ba3 Qc7 20. d5 Ne8 21. Bh5 g6 22. Qh6 Ng7 23. d6 Qb8 24. Be2 Nc6 25. Ng4 Nh5 26. Ne3 Nf6 27. Bb2 e5 28. Nf5 gxf5 29. Qg5+ Kf8 30. Qxf6 Kg8 31. f4 1-0

[Event "Kowalewo Pomorskie op-B 17th"]
[Site "Kowalewo Pomorskie"]
[Date "2010.07.06"]
[Round "4"]
[White "Paczka, Patryk"]
[Black "Kotula, Konrad"]
[Result "0-1"]
[WhiteElo "1702"]
[BlackElo "1839"]
[PlyCount "71"]
[EventDate "2010.07.04"]
[EventType "swiss"]
[EventRounds "9"]
[EventCountry "POL"]
[SourceTitle "EXT 2011"]
[Source "ChessBase"]
[SourceDate "2010.11.26"]
[SourceVersion "1"]
[SourceVersionDate "2010.11.26"]
[SourceQuality "1"]

1. e4 c5 2. d4 cxd4 3. c3 dxc3 4. Nxc3 g6 5. Nf3 Bg7 6. Bc4 Nc6 7. 0-0 Nf6 8. Qe2 d6 9. h3 0-0 10. Rd1 Nd7 11. Bb3 Na5 12. Bc2 b6 13. Bf4 Bb7 14. Rac1 Rc8 15. Bd3 Nc5 16. Bb1 Ne6 17. Bg3 Qc7 18. b4 Nc6 19. Nb5 Qb8 20. Qe1 Rfd8 21. a3 a6 22. Nc3 Ncd4 23. Ba2 Nxf3+ 24. gxf3 Bxc3 25. Rxc3 Rxc3 26. Qxc3 Rc8 27. Qd3 Qc7 28. h4 Qc2 29. Bxe6 fxe6 30. Bf4 Qxd3 31. Rxd3 b5 32. Kg2 Kf7 33. Rd1 Rc3 34. Rc1 Rc4 35. Kf1 d5 36. e5 0-1

[Event "Bydgoszcz op U18"]
[Site "Bydgoszcz"]
[Date "2010.01.22"]
[Round "9"]
[White "Mazalon, Mateusz"]
[Black "Kotula, Konrad"]
[Result "1-0"]
[WhiteElo "1790"]
[BlackElo "1804"]
[PlyCount "119"]
[EventDate "2010.01.18"]
[EventType "swiss"]
[EventRounds "9"]
[EventCountry "POL"]
[SourceTitle "EXT 2013"]
[Source "ChessBase"]
[SourceDate "2012.11.22"]
[SourceVersion "1"]
[SourceVersionDate "2012.11.22"]
[SourceQuality "1"]

1. e4 c5 2. Nf3 Nc6 3. Bb5 a6 4. Bxc6 bxc6 5. 0-0 g6 6. d3 Bg7 7. Re1 e5 8. Nc3 Ne7 9. Be3 d6 10. Nd2 0-0 11. f4 f5 12. Rf1 Bh6 13. Qe2 exf4 14. Bxf4 Bxf4 15. Rxf4 g5 16. Rf2 Ng6 17. Raf1 f4 18. d4 a5 19. Qc4+ Rf7 20. Qa4 Ba6 21. Rd1 cxd4 22. Qxd4 Ne5 23. Nb3 Ng4 24. Qxd6 Qb6 25. Qd4 Qxd4 26. Nxd4 Nxf2 27. Kxf2 Bb7 28. Nf5 Rf6 29. Rd7 Bc8 30. Rg7+ Kf8 31. Rxh7 Rb8 32. b3 Rg6 33. Ne7 Rg7 34. Rxg7 Kxg7 35. Nxc6 Ra8 36. Nd5 Bb7 37. Nce7 Kf7 38. c4 Re8 39. Nf5 Re6 40. Kf3 Kg6 41. Nd4 Re8 42. Nb5 Rh8 43. h3 Rh7 44. a3 Bc8 45. b4 axb4 46. axb4 Bxh3 47. gxh3 Rxh3+ 48. Kg2 Rg3+ 49. Kf2 Kh5 50. c5 Kh4 51. c6 Kh3 52. c7 Rg2+ 53. Kf1 Rc2 54. Nbc3 f3 55. c8Q+ g4 56. Qh8+ Kg3 57. Qe5+ Kh4 58. Qf6+ Kg3 59. Qf4+ Kh3 60. Nf6 1-0

[Event "POL-chT3 Kujawsko Pomorskie 0910"]
[Site "Poland"]
[Date "2009.11.08"]
[Round "1.2"]
[White "Kotula, Konrad"]
[Black "Jagodzinski, Waldemar"]
[Result "1/2-1/2"]
[WhiteElo "1811"]
[BlackElo "2066"]
[PlyCount "125"]
[EventDate "2009.11.08"]
[EventType "team-tourn"]
[EventRounds "11"]
[EventCountry "POL"]
[SourceTitle "EXT 2020"]
[Source "ChessBase"]
[SourceDate "2019.10.17"]
[SourceVersion "1"]
[SourceVersionDate "2019.10.17"]
[SourceQuality "1"]

1. c4 e5 2. Nc3 d6 3. g3 f5 4. Bg2 Nf6 5. d3 g6 6. Nf3 Bg7 7. 0-0 0-0 8. Qc2 c5 9. a3 Nc6 10. e3 Kh8 11. Rb1 a5 12. Bd2 Be6 13. Ng5 Bg8 14. Nb5 Rc8 15. Rfc1 b6 16. f4 d5 17. b3 Qe7 18. Re1 Rcd8 19. Rbd1 h6 20. Nf3 e4 21. Nh4 Kh7 22. dxe4 Nxe4 23. cxd5 Bxd5 24. Nc3 Nxc3 25. Bxc3 Bxg2 26. Nxg2 Bxc3 27. Qxc3 Rd6 28. Nh4 Re8 29. Kf2 Red8 30. Rxd6 Rxd6 31. Nf3 Qe4 32. Re2 Qd3 33. Qb2 Qe4 34. Qa1 Qe6 35. Qc3 Qe4 36. Rd2 Qe6 37. a4 Ne7 38. Rxd6 Qxd6 39. Qe5 Qxe5 40. Nxe5 Nd5 41. Nc4 Kg7 42. Kf3 Kf6 43. e4 fxe4+ 44. Kxe4 Ke6 45. g4 Nf6+ 46. Kf3 Nd5 47. h4 h5 48. g5 Kf5 49. Nd6+ Ke6 50. Nb5 Kf5 51. Nd6+ Ke6 52. Ne8 c4 53. bxc4 Nc3 54. Nc7+ Kf7 55. Nb5 Nxa4 56. Ke4 Ke6 57. Nd4+ Kd6 58. f5 Nc5+ 59. Kf4 gxf5 60. Nxf5+ Ke6 61. Nd4+ Ke7 62. Nb5 Ne6+ 63. Kf5 1/2-1/2

[Event "Warsaw Najdorf Memorial op-C"]
[Site "Warsaw"]
[Date "2009.07.21"]
[Round "4"]
[White "Riekenbrauk, Joerg"]
[Black "Kotula, Konrad"]
[Result "1/2-1/2"]
[WhiteElo "1952"]
[BlackElo "1800"]
[PlyCount "65"]
[EventDate "2009.07.18"]
[EventType "swiss"]
[EventRounds "9"]
[EventCountry "POL"]
[SourceTitle "EXT 2012"]
[Source "ChessBase"]
[SourceDate "2011.11.24"]
[SourceVersion "1"]
[SourceVersionDate "2011.11.24"]
[SourceQuality "1"]

1. e4 c5 2. d4 cxd4 3. c3 dxc3 4. Nxc3 Nc6 5. Nf3 g6 6. Bc4 Bg7 7. 0-0 Nf6 8. Qe2 0-0 9. Rd1 Qa5 10. Bf4 d6 11. h3 Nh5 12. Bd2 Ne5 13. Bb3 Be6 14. Nd5 Qd8 15. Nd4 Bxd5 16. Bxd5 Nc6 17. Bc3 Nxd4 18. Bxd4 Bxd4 19. Rxd4 Nf4 20. Qb5 a6 21. Qf1 e5 22. Rd2 Qg5 23. Rad1 Rab8 24. g3 Nxd5 25. Rxd5 Rfc8 26. Qd3 Rc1 27. Rxd6 Rxd1+ 28. Qxd1 Rc8 29. Qb3 Qc1+ 30. Kg2 Rc7 31. Rb6 Qe1 32. Qd3 Rc1 33. Qd8+ 1/2-1/2

[Event "POL-chT3 Kujawsko Pomorskie 0809"]
[Site "Poland"]
[Date "2008.12.21"]
[Round "4.8"]
[White "Kotula, Konrad"]
[Black "Ozorowski, Edward"]
[Result "0-1"]
[WhiteElo "1745"]
[BlackElo "1905"]
[PlyCount "112"]
[EventDate "2008.11.09"]
[EventType "team-tourn"]
[EventRounds "11"]
[EventCountry "POL"]
[SourceTitle "EXT 2019"]
[Source "ChessBase"]
[SourceDate "2018.10.10"]
[SourceVersion "1"]
[SourceVersionDate "2018.10.10"]
[SourceQuality "1"]

1. c4 e5 2. Nc3 Nf6 3. g3 d5 4. cxd5 Nxd5 5. Bg2 Nb6 6. Nf3 Nc6 7. 0-0 Be7 8. d3 0-0 9. Be3 f5 10. Qd2 Bf6 11. Bc5 Re8 12. Rfd1 Be6 13. e4 Nd7 14. Ba3 Nd4 15. Na4 Nxf3+ 16. Bxf3 f4 17. Nc5 Nxc5 18. Bxc5 b6 19. Ba3 fxg3 20. hxg3 Bg5 21. Qe2 c5 22. b3 Rf8 23. Bc1 Bxc1 24. Raxc1 Qf6 25. Kg2 Rf7 26. Rc2 Raf8 27. Bg4 Bxg4 28. Qxg4 g6 29. Rf1 Qf3+ 30. Qxf3 Rxf3 31. Rd2 g5 32. Rh1 Kg7 33. a3 a5 34. b4 axb4 35. axb4 cxb4 36. Rb1 R3f6 37. Rxb4 Rd6 38. Rb5 Re8 39. Kf3 h5 40. d4 g4+ 41. Ke3 exd4+ 42. Rxd4 Rf6 43. Rxh5 Ra8 44. Rf5 Ra3+ 45. Kf4 Rg6 46. Ke5 Ra7 47. Kf4 Ra3 48. e5 b5 49. Rb4 Ra4 50. Rxa4 bxa4 51. e6 Rf6 52. Kxg4 Rxf5 53. Kxf5 a3 54. e7 Kf7 55. Ke4 a2 56. f4 Kxe7 0-1

[Event "Polanica Zdroj op-C 44th"]
[Site "Polanica Zdroj"]
[Date "2008.08.25"]
[Round "7"]
[White "Jacek, Roksana"]
[Black "Kotula, Konrad"]
[Result "0-1"]
[WhiteElo "1625"]
[BlackElo "1742"]
[PlyCount "52"]
[EventDate "2008.08.19"]
[EventType "swiss"]
[EventRounds "9"]
[EventCountry "POL"]
[SourceTitle "CBM 126 Extra"]
[Source "ChessBase"]
[SourceDate "2008.11.05"]
[SourceVersion "1"]
[SourceVersionDate "2008.11.05"]
[SourceQuality "1"]

1. e4 c5 2. Nf3 Nc6 3. d4 cxd4 4. Nxd4 g6 5. Nc3 Bg7 6. Be3 Nf6 7. Bc4 0-0 8. f3 Qb6 9. Bb3 Nxe4 10. Nxe4 Bxd4 11. Bxd4 Nxd4 12. Qd2 d6 13. 0-0-0 Nxb3+ 14. axb3 Bf5 15. Ng5 Rac8 16. Ne4 Bxe4 17. fxe4 Qxb3 18. h4 Qa2 19. c3 Qa1+ 20. Kc2 Qa4+ 21. Kc1 Rc5 22. h5 g5 23. h6 Rfc8 24. Rh5 f6 25. Kb1 Qxe4+ 26. Kc1 Qf4 0-1

[Event "Kowalewo Pomorskie op-B"]
[Site "Kowalewo Pomorskie"]
[Date "2008.07.12"]
[Round "9.19"]
[White "Ryngwelski, Olaf"]
[Black "Kotula, Konrad"]
[Result "1-0"]
[WhiteElo "1786"]
[BlackElo "1742"]
[PlyCount "55"]
[EventDate "2008.07.04"]
[EventType "swiss"]
[EventRounds "9"]
[EventCountry "POL"]
[SourceTitle "EXT 2023"]
[Source "ChessBase"]
[SourceDate "2022.10.05"]
[SourceVersion "1"]
[SourceVersionDate "2022.10.05"]
[SourceQuality "1"]

1. e4 c5 2. Nf3 Nc6 3. d4 cxd4 4. Nxd4 g6 5. Nc3 Bg7 6. Be3 Nf6 7. Be2 0-0 8. 0-0 d6 9. Kh1 Bd7 10. Qd2 a6 11. a4 Ng4 12. Bxg4 Bxg4 13. Nxc6 bxc6 14. Bh6 Bd7 15. Bxg7 Kxg7 16. f4 Rb8 17. Rab1 Qa5 18. f5 d5 19. Qd4+ f6 20. Qa7 Rfd8 21. exd5 cxd5 22. Rfe1 Qb4 23. Nxd5 Qxa4 24. Rxe7+ Kh6 25. Qe3+ g5 26. Nxf6 Bxf5 27. Qf3 Kg6 28. Qh5+ 1-0

[Event "Bydgoszcz op U20"]
[Site "Bydgoszcz"]
[Date "2008.01.31"]
[Round "7"]
[White "Sobkowski, Krzysztof"]
[Black "Kotula, Konrad"]
[Result "0-1"]
[WhiteElo "1536"]
[BlackElo "1728"]
[PlyCount "82"]
[EventDate "2008.01.28"]
[EventType "swiss"]
[EventRounds "9"]
[EventCountry "POL"]
[SourceTitle "EXT 2010"]
[Source "ChessBase"]
[SourceDate "2010.11.25"]
[SourceVersion "1"]
[SourceVersionDate "2010.11.25"]
[SourceQuality "1"]

1. c4 c5 2. Nc3 Nf6 3. g3 Nc6 4. Bg2 g6 5. e3 Bg7 6. Nge2 0-0 7. 0-0 d6 8. Rb1 Bf5 9. d3 Qd7 10. Re1 Nb4 11. e4 Bh3 12. Bh1 Nh5 13. a3 Nc6 14. Nf4 Nxf4 15. Bxf4 Nd4 16. Be3 a6 17. Bxd4 Bxd4 18. Ne2 Bg4 19. Qd2 Bxe2 20. Qxe2 Rab8 21. Bg2 b5 22. b3 a5 23. Kh1 a4 24. f4 axb3 25. Rxb3 bxc4 26. Rxb8 Rxb8 27. dxc4 Qa4 28. f5 Qxa3 29. fxg6 hxg6 30. Rf1 Rb2 31. Qg4 Qa2 32. Qf3 Qxc4 33. h4 Rb3 34. Qg4 Be5 35. h5 Rxg3 36. Qc8+ Kg7 37. h6+ Kxh6 38. Qf8+ Bg7 39. Qxe7 Rg5 40. Qxd6 Rh5+ 41. Bh3 Qxe4+ 0-1

[Event "Bydgoszcz op U20"]
[Site "Bydgoszcz"]
[Date "2008.01.30"]
[Round "6"]
[White "Kotula, Konrad"]
[Black "Brzezinski, Mateusz"]
[Result "0-1"]
[WhiteElo "1728"]
[BlackElo "1846"]
[PlyCount "62"]
[EventDate "2008.01.28"]
[EventType "swiss"]
[EventRounds "9"]
[EventCountry "POL"]
[SourceTitle "EXT 2010"]
[Source "ChessBase"]
[SourceDate "2010.11.25"]
[SourceVersion "1"]
[SourceVersionDate "2010.11.25"]
[SourceQuality "1"]

1. b4 c6 2. e3 Qb6 3. a3 Nf6 4. c4 d6 5. Bb2 a5 6. b5 d5 7. Bd4 c5 8. Bb2 Bf5 9. d4 e6 10. Nc3 Nbd7 11. Nf3 Rc8 12. Na4 Qc7 13. dxc5 Nxc5 14. b6 Qc6 15. Nxc5 Bxc5 16. Ne5 Qxb6 17. Qa4+ Kf8 18. Bc3 Bd6 19. Bxa5 Qb2 20. Nd7+ Nxd7 21. Qxd7 Qxa1+ 22. Ke2 Qa2+ 23. Kf3 Be4+ 24. Kg4 h5+ 25. Kh3 Bf5+ 26. g4 hxg4+ 27. Kg2 Rxh2+ 28. Rxh2 Be4+ 29. Kg1 Bxh2+ 30. Kxh2 Qxf2+ 31. Bg2 Qxg2# 0-1